000 00585nam a2200169 a 4500
008 120416s1994 ||||||||||||||||| || u
020 _a0340589221
050 _aTA 439 Sha
100 _aShah, S. P
245 1 0 _aHigh performance concretes and applications
_cedited by S. P. Shah
260 _aLondon
_bEdward Arnold
_c1994
300 _axii, 403p. : ill.
350 _a0.00
650 _aCONCRETE
700 _aAhmad, S. H
995 _D0.00
_FCBU-MAIN LIBRARY (Kitwe)
_H1
_I50.00
_M1
_UAVAILABLE
_ZMain Library Open Access Collection
999 _c45514
_d45514